000 00458nam a2200181Ia 4500
001 23313
005 20260414150929.0
008 260414t2013||||xx |||||||||||||| ||spa||
041 _aESP
082 _a629.136
_bG23
100 _aGarcía Cruzado, Marcos
_eAUT
245 0 _aAeropuertos :
_bplanificación, diseño y medio ambiente
260 _c2013
300 _a413 páginas :
_c24 cm.
650 _aCNM
654 _aCCN
942 _cLIB
_dJUS
_fJUS
_2ddc
_n
999 _c23313
_d23313